Historia de Toledo por don Pedro de Rojas.... (Record no. 189458)

MARC details
000 -LEADER
campo de control de longitud fija 00832ntm a2200217 i 4500
001 - NÚMERO DE CONTROL
campo de control 189458
003 - IDENTIFICADOR DE NÚMERO DE CONTROL
campo de control ES-MaACL
005 - FECHA Y HORA DE LA ÚLTIMA TRANSACCIÓN
campo de control 20250628063408.0
008 - DATOS DE LONGITUD FIJA--INFORMACIÓN GENERAL
campo de control de longitud fija 190603q1660 sp |||| | spa d
080 ## - NÚMERO DE LA CLASIFICACIÓN DECIMAL UNIVERSAL
Número de la Clasificación Decimal Universal 656.62(460)
245 00 - MENCIÓN DEL TÍTULO
Título Historia de Toledo por don Pedro de Rojas....
Medio [Manuscrito].
260 ## - PUBLICACIÓN, DISTRIBUCIÓN, ETC.
Fecha de publicación, distribución, etc. [ca. 1660]
300 ## - DESCRIPCIÓN FÍSICA
Extensión [2] páginas ;
Dimensiones 21 cm.
500 ## - NOTA GENERAL
Nota general Legado de Federico de Botella y de Hornos
650 #4 - PUNTO DE ACCESO ADICIONAL DE MATERIA--TÉRMINO DE MATERIA
Término de materia o nombre geográfico como elemento de entrada Navegación interior-
Subdivisión geográfica España.
9 (RLIN) 136585
651 #4 - PUNTO DE ACCESO ADICIONAL DE MATERIA--NOMBRE GEOGRÁFICO
9 (RLIN) 9444
Nombre geográfico Toledo-
Subdivisión general Historia
852 4# - LOCALIZACIÓN
Ubicación ES-MaACL
Ubicación en estantería Sala Pardo Bazán
Donativo/Legado Legado de Federico de Botella y de Hornos
Número de control de estantería B-8924(21)
Encuadernación Encuadernado en un vol. facticio agrupado con el nombre en el lomo: España, geología, memorias y documentos varios 1 a 8
942 ## - ELEMENTOS DE ENTRADA SECUNDARIOS (KOHA)
Fuente del sistema de clasificación o colocación Clasificación decimal universal
Tipo de ítem Koha Manuscrito
Suprimir en OPAC No
Holdings
Estatus retirado Estado de pérdida Estado de daño No para préstamo Colección Biblioteca de origen Biblioteca actual Ubicación en estantería Fecha de adquisición Fuente de adquisición Total de préstamos Signatura topográfica completa Código de barras Visto por última vez Precio de reemplazo Tipo de ítem Koha
        Manuscritos Biblioteca del Ateneo de Madrid Biblioteca del Ateneo de Madrid Sala Pardo Bazán 03/06/2019     B-8924(21) 1200733 23/02/2023 23/02/2023 Manuscrito